[Event "6. Open C.A. Ciudad los Angeles 2012"]
[Site "Madrid ESP"]
[Date "2012.06.03"]
[Round "8.22"]
[White "Pablos Ceruelo, Oscar"]
[Black "Gines Martinez, Andres"]
[Result "1-0"]
[WhiteElo "1367"]
[BlackElo "1581"]
[PlyCount "72"]
[EventDate "2012.04.15"]
[EventType "swiss"]
[EventRounds "9"]
[EventCountry "ESP"]
[Source "lmi"]
[SourceDate "2012.04.15"]

1. e4 c5 2. Nf3 Nc6 3. d4 cxd4 4. Nxd4 Nf6 5. Nc3 e6 6. Nxc6 bxc6 7. e5 Nd5 8.
Ne4 h6 9. a3 d6 10. c4 Nb6 11. exd6 Qh4 12. Qf3 f5 13. Nc3 Kd7 14. Bf4 Qf6 15.
Rd1 g5 16. Be3 Qe5 17. Be2 Bb7 18. Bd4 g4 19. Qd3 Qf4 20. Bxh8 c5 21. Qe3 Qxe3
22. fxe3 Bxg2 23. Rg1 Bc6 24. Kf2 Bxd6 25. Be5 Bd5 26. Bxd6 Kxd6 27. e4 Rf8 28.
Kg3 h5 29. cxd5 Nd7 30. Rgf1 Nf6 31. Nb5+ Kd7 32. Nxa7 Rb8 33. Bb5+ Kc7 34. d6+
Kb6 35. d7 Nxd7 36. Rxd7 e5 1-0

[Event "6. Open C.A. Ciudad los Angeles 2012"]
[Site "Madrid ESP"]
[Date "2012.06.03"]
[Round "8.23"]
[White "Benitez Robles, Antonio"]
[Black "Martinez Pastor, Francisco"]
[Result "0-1"]
[WhiteElo "1519"]
[BlackElo "1612"]
[PlyCount "88"]
[EventDate "2012.04.15"]
[EventType "swiss"]
[EventRounds "9"]
[EventCountry "ESP"]
[Source "lmi"]
[SourceDate "2012.04.15"]

1. d4 f5 2. c4 Nf6 3. Nc3 g6 4. Bg5 Bg7 5. Nf3 d6 6. e3 Be6 7. d5 Bf7 8. Bd3
Nbd7 9. O-O O-O 10. Qd2 Nc5 11. Bc2 b6 12. b4 Nb7 13. Rae1 e5 14. e4 fxe4 15.
Nxe4 Nxe4 16. Bxe4 Qd7 17. Bh6 a5 18. Bxg7 Kxg7 19. a3 axb4 20. axb4 b5 21. Rc1
bxc4 22. Nh4 Qg4 23. Nxg6 Bxg6 24. f3 Qd7 25. Qg5 Qf7 26. h4 Qf6 27. Qg4 Kh8
28. Rxc4 Qf7 29. Rfc1 Rac8 30. Kf2 Bxe4 31. Rxe4 Qg6 32. Qxg6 hxg6 33. Rh1 Rf4
34. h5 Kg7 35. h6+ Kh7 36. Ree1 Rxb4 37. g3 Nc5 38. Re2 Rb2 39. Kf1 Rb1+ 40.
Re1 Rcb8 41. Rxb1 Rxb1+ 42. Kg2 Rxh1 43. Kxh1 Nd3 44. Kg1 Nb4 0-1

[Event "6. Open C.A. Ciudad los Angeles 2012"]
[Site "Madrid ESP"]
[Date "2012.06.10"]
[Round "9.1"]
[White "Rodriguez Dorado, Victor"]
[Black "Garrido Ariza, Javier"]
[Result "1/2-1/2"]
[WhiteElo "1940"]
[BlackElo "1807"]
[PlyCount "55"]
[EventDate "2012.04.15"]
[EventType "swiss"]
[EventRounds "9"]
[EventCountry "ESP"]
[Source "lmi"]
[SourceDate "2012.04.15"]

1. c4 e5 2. Nc3 Nc6 3. Nf3 g6 4. g3 Bg7 5. Bg2 d6 6. O-O f5 7. d3 Nf6 8. Bg5
O-O 9. Nd5 Be6 10. Nxf6+ Bxf6 11. Bxf6 Qxf6 12. Qc2 Rab8 13. a3 Ne7 14. b4 c6
15. Nd2 g5 16. e3 h5 17. f4 exf4 18. exf4 gxf4 19. gxf4 Qd4+ 20. Kh1 Ng6 21.
Nb3 Qf6 22. Rae1 Nh4 23. Re3 Kf7 24. Rfe1 Rbe8 25. Na5 Bc8 26. Qe2 Rxe3 27.
Qxe3 Nxg2 28. Kxg2 1/2-1/2

[Event "6. Open C.A. Ciudad los Angeles 2012"]
[Site "Madrid ESP"]
[Date "2012.06.10"]
[Round "9.2"]
[White "Garcia De Quesada, Ignacio"]
[Black "Ortiz Berruguete, Adrian"]
[Result "1-0"]
[WhiteElo "1910"]
[BlackElo "1734"]
[PlyCount "49"]
[EventDate "2012.04.15"]
[EventType "swiss"]
[EventRounds "9"]
[EventCountry "ESP"]
[Source "lmi"]
[SourceDate "2012.04.15"]

1. d4 Nf6 2. c4 c5 3. d5 e6 4. Nc3 exd5 5. cxd5 d6 6. e4 g6 7. Bd3 Bg7 8. h3
O-O 9. Nf3 Na6 10. O-O Nb4 11. Bb1 Qc7 12. a3 Na6 13. Bf4 Bd7 14. Bd3 c4 15.
Bxd6 Qxd6 16. e5 Qc5 17. exf6 cxd3 18. fxg7 Kxg7 19. Qxd3 Kg8 20. Qd4 Qc8 21.
Rac1 Qd8 22. Ne4 Bf5 23. Nf6+ Kg7 24. Nh5+ Kh6 25. Qg7+ 1-0

[Event "6. Open C.A. Ciudad los Angeles 2012"]
[Site "Madrid ESP"]
[Date "2012.06.10"]
[Round "9.3"]
[White "Cano Cabanillas, Javier"]
[Black "Rodriguez Vignote, Javier"]
[Result "1-0"]
[WhiteElo "2016"]
[BlackElo "1923"]
[PlyCount "113"]
[EventDate "2012.04.15"]
[EventType "swiss"]
[EventRounds "9"]
[EventCountry "ESP"]
[Source "lmi"]
[SourceDate "2012.04.15"]

1. e4 e6 2. b3 b6 3. Bb2 Bb7 4. Bd3 Nf6 5. Qe2 c5 6. Nc3 Nc6 7. Nf3 a6 8. h3 d6
9. g4 Be7 10. Rg1 Nd7 11. Qe3 Nde5 12. Ne2 Bf6 13. Nxe5 Nxe5 14. O-O-O Nxd3+
15. Qxd3 Bxb2+ 16. Kxb2 Qf6+ 17. Kb1 Qe5 18. Nc3 O-O 19. Rdf1 b5 20. f4 Qd4 21.
Qxd4 cxd4 22. Ne2 Bxe4 23. Nxd4 Rac8 24. d3 Bb7 25. f5 e5 26. Ne2 b4 27. Ng3
Rc7 28. Rf2 a5 29. Re1 f6 30. Ne4 Rd8 31. Kb2 d5 32. Ng3 Ra8 33. g5 e4 34. dxe4
Rc3 35. Ne2 Re3 36. gxf6 gxf6 37. Rg1+ Kh8 38. exd5 Bxd5 39. Rg3 Rae8 40. Rxe3
Rxe3 41. Nf4 Be4 42. Nh5 Rxh3 43. Nxf6 Rh4 44. Nd7 Kg8 45. f6 Bg6 46. Ne5 Re4
47. f7+ Bxf7 48. Nxf7 h5 49. Nd6 Re6 50. Nc4 h4 51. Rh2 Re4 52. Nxa5 Kh7 53.
Nc4 Kh6 54. Nd2 Rf4 55. Rh3 Kh5 56. Nf3 Re4 57. Rxh4+ 1-0

[Event "6. Open C.A. Ciudad los Angeles 2012"]
[Site "Madrid ESP"]
[Date "2012.06.10"]
[Round "9.5"]
[White "Marcos Herrero, Francisco"]
[Black "Tirado Parra, Alberto"]
[Result "1-0"]
[WhiteElo "1874"]
[BlackElo "1880"]
[PlyCount "73"]
[EventDate "2012.04.15"]
[EventType "swiss"]
[EventRounds "9"]
[EventCountry "ESP"]
[Source "lmi"]
[SourceDate "2012.04.15"]

1. d4 d5 2. c4 Nc6 3. Nc3 Nf6 4. Nf3 Bg4 5. cxd5 Nxd5 6. e4 Bxf3 7. gxf3 Nxc3
8. bxc3 e6 9. Rb1 Rb8 10. Bb5 a6 11. Bd3 g6 12. Qa4 Qd7 13. O-O Be7 14. Bh6 Ne5
15. Qxd7+ Nxd7 16. Rb3 c5 17. a4 Bf6 18. e5 Bd8 19. Rfb1 b6 20. Bxa6 g5 21. f4
gxf4 22. Bxf4 Rg8+ 23. Kf1 Rg4 24. Be3 f5 25. exf6 cxd4 26. cxd4 Bxf6 27. Bb5
Bxd4 28. Bxd4 Rxd4 29. a5 Ke7 30. Bxd7 Kxd7 31. axb6 Rd6 32. b7 Kc7 33. Rc3+
Rc6 34. Rg3 Rd6 35. Rg7+ Kc6 36. Rxh7 Rd7 37. Rc1+ 1-0

[Event "6. Open C.A. Ciudad los Angeles 2012"]
[Site "Madrid ESP"]
[Date "2012.06.10"]
[Round "9.6"]
[White "Garcia Prados, David"]
[Black "Rodriguez Lopez-canizares, Franci"]
[Result "1-0"]
[WhiteElo "2070"]
[BlackElo "1644"]
[PlyCount "45"]
[EventDate "2012.04.15"]
[EventType "swiss"]
[EventRounds "9"]
[EventCountry "ESP"]
[Source "lmi"]
[SourceDate "2012.04.15"]

1. Nf3 Nf6 2. d4 e6 3. Bg5 Bb4+ 4. c3 Be7 5. Nbd2 O-O 6. e4 d6 7. Bd3 b6 8. Qc2
Ba6 9. c4 Nbd7 10. e5 dxe5 11. dxe5 Nh5 12. Bxh7+ Kh8 13. h4 g6 14. Bxg6 Ng7
15. Be4 Rb8 16. O-O-O f5 17. Bc6 Bb7 18. Bxb7 Rxb7 19. Nb3 Qe8 20. Nbd4 Bc5 21.
Qd2 Nb8 22. Bf6 Qg6 23. h5 1-0

[Event "6. Open C.A. Ciudad los Angeles 2012"]
[Site "Madrid ESP"]
[Date "2012.06.10"]
[Round "9.7"]
[White "Rios Rebollo, Victor"]
[Black "Melcon Diez, Enrique"]
[Result "1-0"]
[WhiteElo "1842"]
[BlackElo "1628"]
[PlyCount "77"]
[EventDate "2012.04.15"]
[EventType "swiss"]
[EventRounds "9"]
[EventCountry "ESP"]
[Source "lmi"]
[SourceDate "2012.04.15"]

1. d4 Nf6 2. c4 c5 3. d5 b5 4. Qc2 bxc4 5. e4 e6 6. Bxc4 exd5 7. exd5 Be7 8.
Ne2 O-O 9. O-O d6 10. Nbc3 Nbd7 11. b3 Nb6 12. Bb2 Bb7 13. Rad1 Rb8 14. a4 Re8
15. Ng3 Nxc4 16. bxc4 Bf8 17. Nge4 Nxe4 18. Nxe4 Bc8 19. Ng3 Bd7 20. Bc3 Qh4
21. f4 g6 22. a5 Bh6 23. Qc1 Re7 24. Be1 Qf6 25. Bc3 Qh4 26. Qa1 Bxf4 27. Bf6
Be3+ 28. Kh1 Bg5 29. Bxe7 Bxe7 30. Rde1 f5 31. Qc3 Bf6 32. Qd3 Rb4 33. Rc1 Be5
34. Rf3 f4 35. Ne4 Bf5 36. Qe2 Rb2 37. Qe1 Bg4 38. Qxh4 Bxf3 39. gxf3 1-0

[Event "6. Open C.A. Ciudad los Angeles 2012"]
[Site "Madrid ESP"]
[Date "2012.06.10"]
[Round "9.9"]
[White "Lianes Garcia, Marcos"]
[Black "Sanchez Romero, Ruben"]
[Result "1/2-1/2"]
[WhiteElo "1568"]
[BlackElo "1755"]
[PlyCount "173"]
[EventDate "2012.04.15"]
[EventType "swiss"]
[EventRounds "9"]
[EventCountry "ESP"]
[Source "lmi"]
[SourceDate "2012.04.15"]

1. e4 e5 2. Nf3 d6 3. Bc4 Be7 4. d3 Nf6 5. Nc3 c6 6. Bb3 Nbd7 7. O-O O-O 8. Bg5
Nc5 9. Qd2 Nxb3 10. axb3 Bg4 11. Qe2 Re8 12. h3 Be6 13. Nd1 h6 14. Bh4 Nh5 15.
Bxe7 Qxe7 16. Nh2 Nf4 17. Qf3 f5 18. Nc3 fxe4 19. dxe4 Rf8 20. Qe3 b5 21. Ne2
Qg5 22. Nxf4 exf4 23. Qd3 d5 24. exd5 Bxd5 25. f3 Rfd8 26. Qe2 Re8 27. Qf2 Qf6
28. Ra2 Qe6 29. Rxa7 Rxa7 30. Qxa7 Qe5 31. Qa1 Qd4+ 32. Kh1 Re2 33. Qc1 Qc5 34.
c3 Bxb3 35. Re1 Qf2 36. Rxe2 Qxe2 37. Kg1 Bc4 38. Ng4 h5 39. Nf2 Bd5 40. Nd1
Qe1+ 41. Kh2 Bb3 42. Qxf4 Qxd1 43. Qe4 Qd5 44. Qe8+ Kh7 45. Kg3 Qg5+ 46. Kf2
Bd5 47. Qe2 h4 48. Qc2+ Qg6 49. Qe2 Bc4 50. Qe7 Qf6 51. Qe4+ Kh8 52. Qe8+ Bg8
53. Qh5+ Qh6 54. Qe8 Qd2+ 55. Kg1 Qd1+ 56. Kh2 Qd6+ 57. Kg1 g6 58. Qe4 Qf6 59.
Qe8 Kg7 60. Qd7+ Bf7 61. Qg4 g5 62. Qd7 Kh6 63. Qc8 Bg6 64. Kh1 Kg7 65. Qd7+
Bf7 66. Kg1 Qe6 67. Qd4+ Kg6 68. Qd3+ Kh6 69. Qd8 Qe1+ 70. Kh2 Qe5+ 71. Kg1 Bd5
72. Qf8+ Kg6 73. Qd8 Kf5 74. Qf8+ Qf6 75. Qc8+ Kf4 76. Kf2 Ke5 77. Qe8+ Kd6 78.
Qb8+ Kc5 79. Qa7+ Kc4 80. Qa2+ Kc5 81. Qa7+ Kd6 82. Qb8+ Ke6 83. Qe8+ Kf5 84.
Qc8+ Kf4 85. Qb8+ Qe5 86. Qf8+ Qf5 87. Qb8+ 1/2-1/2

[Event "6. Open C.A. Ciudad los Angeles 2012"]
[Site "Madrid ESP"]
[Date "2012.06.10"]
[Round "9.10"]
[White "Lopez-Andujar Ocaña, Ramon"]
[Black "Al-zarif Zabala, Bassam"]
[Result "0-1"]
[WhiteElo "1736"]
[BlackElo "1753"]
[PlyCount "50"]
[EventDate "2012.04.15"]
[EventType "swiss"]
[EventRounds "9"]
[EventCountry "ESP"]
[Source "lmi"]
[SourceDate "2012.04.15"]

1. e4 Nf6 2. e5 Nd5 3. Nc3 Nxc3 4. dxc3 d6 5. Nf3 Bg4 6. h3 Bh5 7. g4 Bg6 8.
Bf4 Nc6 9. Qe2 Qd7 10. O-O-O O-O-O 11. Bg2 Qe6 12. Kb1 f6 13. Nd4 Nxd4 14. Rxd4
fxe5 15. Bxb7+ Kxb7 16. Qb5+ Kc8 17. Ra4 exf4 18. f3 Qe3 19. Qd5 e6 20. Qc6 Qb6
21. Qc4 Kd7 22. Re1 e5 23. Ra6 Qc5 24. Qa4+ Ke7 25. Rxa7 Be8 0-1

[Event "6. Open C.A. Ciudad los Angeles 2012"]
[Site "Madrid ESP"]
[Date "2012.06.10"]
[Round "9.11"]
[White "Bellod Thomas, Gonzalo"]
[Black "Martinez Cepedano, Roberto"]
[Result "0-1"]
[WhiteElo "1713"]
[BlackElo "1752"]
[PlyCount "92"]
[EventDate "2012.04.15"]
[EventType "swiss"]
[EventRounds "9"]
[EventCountry "ESP"]
[Source "lmi"]
[SourceDate "2012.04.15"]

1. d4 d5 2. Nf3 Nf6 3. c4 c6 4. Nc3 dxc4 5. e4 b5 6. e5 Nd5 7. a4 e6 8. axb5
Nxc3 9. bxc3 cxb5 10. Ng5 Bb7 11. Qh5 g6 12. Qg4 Be7 13. Be2 Bd5 14. Ne4 h5 15.
Qf4 a5 16. O-O Nc6 17. Nf6+ Bxf6 18. exf6 Qb8 19. Qe3 Kd7 20. Bf3 Qd6 21. Bb2
Bxf3 22. Qxf3 Qd5 23. Qe2 h4 24. h3 Rh5 25. Rfe1 Rf5 26. Qe4 Qxe4 27. Rxe4 Rh8
28. Rae1 Rhh5 29. Ba3 b4 30. Bb2 Rxf6 31. Re5 Rff5 32. R5e4 Rd5 33. Ba1 e5 34.
Bb2 exd4 35. cxd4 c3 36. Ba1 a4 37. Rf4 Rhf5 38. Rxh4 c2 39. Rc1 b3 40. Bb2 Nb4
41. g4 Rf4 42. Ra1 Nd3 43. Rxa4 Nxb2 44. Ra7+ Kc6 45. Ra6+ Kb7 46. Ra1 Nd3 0-1

[Event "6. Open C.A. Ciudad los Angeles 2012"]
[Site "Madrid ESP"]
[Date "2012.06.10"]
[Round "9.12"]
[White "Vivas Mariscal, Luis Miguel"]
[Black "Sanchez Rodenas, Antonio"]
[Result "0-1"]
[WhiteElo "1673"]
[BlackElo "1750"]
[PlyCount "76"]
[EventDate "2012.04.15"]
[EventType "swiss"]
[EventRounds "9"]
[EventCountry "ESP"]
[Source "lmi"]
[SourceDate "2012.04.15"]

1. c4 c5 2. Nc3 Nc6 3. Nf3 Nf6 4. g3 e6 5. a3 Be7 6. Bg2 O-O 7. d4 d5 8. cxd5
Nxd5 9. Nxd5 Qxd5 10. O-O Nxd4 11. Nxd4 Qxd4 12. Qb3 Qd8 13. Bf4 Qb6 14. Qc2
Bd7 15. Rfd1 Bc6 16. e4 Rad8 17. Re1 Rd7 18. Rac1 Rfd8 19. Be3 Qa5 20. Bxc5
Bxc5 21. Qxc5 Qxc5 22. Rxc5 Rd2 23. b4 a6 24. Bf3 Ra2 25. Rc3 e5 26. Rd1 Rxd1+
27. Bxd1 Ra1 28. Rd3 g6 29. Rd8+ Kg7 30. Kg2 Bxe4+ 31. f3 Bc6 32. a4 Bxa4 33.
Bxa4 Rxa4 34. b5 axb5 35. Rd5 Ra2+ 36. Kg1 b4 37. Rxe5 b3 38. Rb5 b2 0-1

[Event "6. Open C.A. Ciudad los Angeles 2012"]
[Site "Madrid ESP"]
[Date "2012.06.10"]
[Round "9.13"]
[White "Maseda Iglesias, Luis"]
[Black "Juarez De Vena, Antonio"]
[Result "1-0"]
[WhiteElo "1781"]
[BlackElo "1618"]
[PlyCount "89"]
[EventDate "2012.04.15"]
[EventType "swiss"]
[EventRounds "9"]
[EventCountry "ESP"]
[Source "lmi"]
[SourceDate "2012.04.15"]

1. d4 Nf6 2. Nf3 g6 3. Nc3 d5 4. Bf4 a6 5. e3 Bg7 6. Be2 O-O 7. Ne5 Nbd7 8. O-O
b5 9. Nc6 Qe8 10. Nb4 c5 11. Nbxd5 cxd4 12. exd4 Ra7 13. Bf3 Bb7 14. Re1 Nxd5
15. Nxd5 Bxd5 16. Bxd5 Nb6 17. Bf3 Qd7 18. c3 Rd8 19. Qe2 h5 20. Rad1 Qf5 21.
Qe4 Qc8 22. Qc6 Nc4 23. Qxc8 Rxc8 24. Re2 a5 25. Rde1 e6 26. h4 b4 27. b3 Nb6
28. cxb4 axb4 29. Bd6 Bxd4 30. Bxb4 Bf6 31. g3 Nd7 32. Rb1 Ne5 33. Be4 Rd7 34.
Rd2 Ra7 35. a4 Rb8 36. Bd6 Rd8 37. Bxe5 Rxd2 38. Bxf6 Rc7 39. a5 Re2 40. Rd1
Rc8 41. Bb7 Re8 42. a6 Rc2 43. b4 g5 44. hxg5 e5 45. Rd8 1-0

[Event "6. Open C.A. Ciudad los Angeles 2012"]
[Site "Madrid ESP"]
[Date "2012.06.10"]
[Round "9.15"]
[White "De Pablo Pena, Miguel Angel"]
[Black "Mataix Fernandez, Ricardo"]
[Result "1-0"]
[WhiteElo "1608"]
[BlackElo "1730"]
[PlyCount "77"]
[EventDate "2012.04.15"]
[EventType "swiss"]
[EventRounds "9"]
[EventCountry "ESP"]
[Source "lmi"]
[SourceDate "2012.04.15"]

1. d4 Nf6 2. c4 g6 3. Nc3 Bg7 4. e4 d6 5. Nf3 O-O 6. Be2 e5 7. O-O exd4 8. Nxd4
Nc6 9. Be3 Re8 10. f3 Be6 11. Rc1 Nd7 12. Nd5 Nf8 13. b3 h5 14. Nb5 Rc8 15. Qd2
a6 16. Nbc3 Nh7 17. Nf4 Ne7 18. Rfd1 Nf6 19. Nfd5 Bxd5 20. Nxd5 Nexd5 21. cxd5
Qe7 22. Rc2 Nh7 23. Qb4 f5 24. Bd3 g5 25. Rdc1 g4 26. Qxb7 fxe4 27. fxe4 Ng5
28. Rxc7 Rxc7 29. Rxc7 Qe5 30. Rxg7+ Qxg7 31. Qxg7+ Kxg7 32. Bxg5 Kg6 33. Bf4
Ra8 34. Bxd6 Kf7 35. e5 a5 36. Kf2 a4 37. b4 Rc8 38. Bc5 Rh8 39. e6+ 1-0

[Event "6. Open C.A. Ciudad los Angeles 2012"]
[Site "Madrid ESP"]
[Date "2012.06.10"]
[Round "9.17"]
[White "Yeves Miquel, Enrique"]
[Black "Sorribes Calle, Pablo"]
[Result "1-0"]
[WhiteElo "1716"]
[BlackElo "1660"]
[PlyCount "129"]
[EventDate "2012.04.15"]
[EventType "swiss"]
[EventRounds "9"]
[EventCountry "ESP"]
[Source "lmi"]
[SourceDate "2012.04.15"]

1. d4 e6 2. c4 f5 3. g3 Nf6 4. Bg2 g6 5. Nf3 Bg7 6. O-O O-O 7. b3 d6 8. Bb2 Qe8
9. Qc2 Qf7 10. Nbd2 Re8 11. e4 f4 12. e5 fxg3 13. exf6 gxh2+ 14. Kxh2 Qxf6 15.
Ne4 Qf4+ 16. Ng3 e5 17. dxe5 Bg4 18. Qd2 dxe5 19. Qd5+ Kh8 20. Rae1 Nc6 21. Qe4
Kg8 22. Kg1 Qxe4 23. Rxe4 Bf5 24. Nxf5 gxf5 25. Re2 e4 26. Nh4 Bxb2 27. Rxb2
Nd4 28. Bh3 f4 29. Nf5 c5 30. b4 Re5 31. Nxd4 cxd4 32. f3 e3 33. Rd1 e2 34. Re1
d3 35. Rd2 Rd8 36. Kf2 Re3 37. Bf5 Kg7 38. Be4 b6 39. c5 bxc5 40. bxc5 Kf6 41.
c6 Ke6 42. c7 Rc8 43. Rxd3 Rxd3 44. Bxd3 Rxc7 45. Rxe2+ Kf6 46. Rc2 Rd7 47. Be4
Kg5 48. Rb2 h6 49. Rb5+ Kh4 50. a4 Rd2+ 51. Ke1 Ra2 52. a5 Kg3 53. Rh5 Ra1+ 54.
Kd2 Ra2+ 55. Kc3 Rh2 56. Rxh2 Kxh2 57. Bf5 h5 58. Kd3 Kg3 59. Ke4 Kh4 60. Kxf4
a6 61. Ke5 Kg3 62. f4 h4 63. Bc8 h3 64. Bxa6 h2 65. Bb7 1-0

[Event "6. Open C.A. Ciudad los Angeles 2012"]
[Site "Madrid ESP"]
[Date "2012.06.10"]
[Round "9.18"]
[White "Sancho Diaz, Santiago"]
[Black "Pablos Ceruelo, Oscar"]
[Result "1-0"]
[WhiteElo "1896"]
[BlackElo "1367"]
[PlyCount "43"]
[EventDate "2012.04.15"]
[EventType "swiss"]
[EventRounds "9"]
[EventCountry "ESP"]
[Source "lmi"]
[SourceDate "2012.04.15"]

1. e4 c5 2. Nf3 Nc6 3. c4 d6 4. h3 Nf6 5. Nc3 e5 6. d3 Be7 7. Nd5 Nxd5 8. cxd5
Nd4 9. Nxd4 cxd4 10. Be2 Bh4 11. g3 Bg5 12. Qa4+ Bd7 13. Qb4 Bxc1 14. Rxc1 Qb8
15. f4 f6 16. f5 a5 17. Qa3 b5 18. O-O g6 19. fxg6 Ke7 20. g7 Qg8 21. Rxf6 Qxg7
22. Qxd6+ 1-0

[Event "6. Open C.A. Ciudad los Angeles 2012"]
[Site "Madrid ESP"]
[Date "2012.06.10"]
[Round "9.19"]
[White "Martinez Pastor, Francisco"]
[Black "Martin Vazquez, Jose Luis"]
[Result "1/2-1/2"]
[WhiteElo "1612"]
[BlackElo "1940"]
[PlyCount "89"]
[EventDate "2012.04.15"]
[EventType "swiss"]
[EventRounds "9"]
[EventCountry "ESP"]
[Source "lmi"]
[SourceDate "2012.04.15"]

1. b4 e5 2. Bb2 Bxb4 3. Bxe5 Nf6 4. c3 Ba5 5. Qc2 Nc6 6. Bxf6 Qxf6 7. Nf3 d5 8.
e3 Bb6 9. d4 Bf5 10. Bd3 Ne7 11. a4 Ba5 12. Bxf5 Qxf5 13. Qxf5 Nxf5 14. Kd2 Nd6
15. Rc1 Rc8 16. Kd3 O-O 17. Ne5 Rfd8 18. c4 f6 19. c5 fxe5 20. cxd6 e4+ 21. Ke2
Rxd6 22. Nd2 Bxd2 23. Kxd2 Rf6 24. Ke1 Rcf8 25. Ra2 R8f7 26. a5 Ra6 27. Rcc2 c6
28. Ke2 Kf8 29. f3 exf3+ 30. gxf3 Rf6 31. e4 dxe4 32. fxe4 Rh6 33. Kd3 g5 34.
Rcb2 b5 35. axb6 Rxb6 36. Rf2+ Ke8 37. Rxa7 Rh3+ 38. Kc4 Rbb3 39. Rc2 h5 40.
Kc5 Rbc3+ 41. Rxc3 Rxc3+ 42. Kd6 Rd3 43. Ke6 Rxd4 44. Ke5 Rd7 45. Ra8+ 1/2-1/2

[Event "6. Open C.A. Ciudad los Angeles 2012"]
[Site "Madrid ESP"]
[Date "2012.06.10"]
[Round "9.20"]
[White "Largo Barbero, Benito"]
[Black "Salgado Duarte, Pablo"]
[Result "1-0"]
[WhiteElo "1845"]
[BlackElo "1534"]
[PlyCount "41"]
[EventDate "2012.04.15"]
[EventType "swiss"]
[EventRounds "9"]
[EventCountry "ESP"]
[Source "lmi"]
[SourceDate "2012.04.15"]

1. e4 e5 2. Bc4 Nf6 3. Nc3 Nc6 4. a3 Bc5 5. h3 d6 6. d3 h6 7. Na4 Bb6 8. Nxb6
axb6 9. Be3 Qe7 10. Ne2 Be6 11. Bb5 O-O 12. g4 g5 13. Qd2 Nh7 14. Ng3 Na7 15.
Ba4 Nc8 16. Bb3 Bxb3 17. cxb3 Qe6 18. h4 Qxg4 19. Nf5 Qg2 20. O-O-O Qg4 21.
Nxh6+ 1-0

[Event "6. Open C.A. Ciudad los Angeles 2012"]
[Site "Madrid ESP"]
[Date "2012.06.10"]
[Round "9.21"]
[White "Martin Garcia, Francisco Javier"]
[Black "Murciano Cespedosa, Antonio"]
[Result "0-1"]
[WhiteElo "1614"]
[BlackElo "1771"]
[PlyCount "74"]
[EventDate "2012.04.15"]
[EventType "swiss"]
[EventRounds "9"]
[EventCountry "ESP"]
[Source "lmi"]
[SourceDate "2012.04.15"]

1. d4 Nf6 2. c4 c5 3. d5 b5 4. cxb5 a6 5. b6 g6 6. Nc3 Qxb6 7. Nf3 d6 8. e4 Bg7
9. Be2 O-O 10. Nd2 Nbd7 11. Nc4 Qc7 12. Bf4 Ne8 13. Qc2 Nb6 14. Ne3 Bd7 15. a4
Qb7 16. O-O f5 17. exf5 Bxf5 18. Nxf5 Rxf5 19. Bg3 Nc7 20. Bg4 Rf7 21. Bf3 Raf8
22. Rfe1 Qb8 23. Re2 Bxc3 24. bxc3 Nbxd5 25. Rb1 Qd8 26. Qb3 Nf6 27. Rbe1 Kg7
28. Bh4 h6 29. c4 e5 30. Rd1 g5 31. Bg3 Qe7 32. Bc6 Ne6 33. a5 Nd4 34. Rxd4
cxd4 35. c5 Qc7 36. Qb6 Rb8 37. cxd6 Qxc6 0-1